[Event "Longtou Cup-B 2nd"]
[Site "Qinhuangdao"]
[Date "2019.04.17"]
[Round "2"]
[White "Guo, Weibao"]
[Black "Stones, Rebecca"]
[Result "1-0"]
[WhiteElo "1895"]
[BlackElo "1775"]
[PlyCount "161"]
[EventDate "2019.04.16"]
[EventType "swiss"]
[EventRounds "9"]
[EventCountry "CHN"]
[SourceTitle "EXT 2020"]
[Source "ChessBase"]
[SourceDate "2019.10.17"]
[SourceVersion "1"]
[SourceVersionDate "2019.10.17"]
[SourceQuality "1"]

1. d4 Nf6 2. c4 e6 3. Nf3 d5 4. g3 Bb4+ 5. Bd2 Bd6 6. Bg2 0-0 7. Nc3 c6 8. 0-0 Nbd7 9. b3 b6 10. e4 Nxe4 11. Nxe4 dxe4 12. Ng5 Nf6 13. Nxe4 Nxe4 14. Bxe4 Qc7 15. Rc1 f5 16. Bg2 Ba3 17. Rc2 Bb7 18. Qe2 Rae8 19. c5 e5 20. Qc4+ Qf7 21. Qa4 f4 22. Qxa3 f3 23. Bh1 exd4 24. b4 Bc8 25. Bf4 Qg6 26. Rd2 Rxf4 27. Bxf3 Rd8 28. Bg2 Rf7 29. Rfd1 Qf6 30. Qb2 bxc5 31. bxc5 Rb7 32. Qc2 Bf5 33. Qc4+ Be6 34. Qa6 Rc7 35. Qa4 Bg4 36. Qc4+ Qe6 37. Qxe6+ Bxe6 38. a3 Rb7 39. Bxc6 Rb3 40. Rxd4 Rxd4 41. Rxd4 Rxa3 42. Be4 Bh3 43. Rd1 Rc3 44. c6 a5 45. f3 Be6 46. Rd8+ Kf7 47. Ra8 Rc5 48. Bxh7 Kf6 49. Be4 Bb3 50. Kf2 a4 51. Ke3 Ke5 52. h4 Bd5 53. Bxd5 Kxd5 54. Rxa4 Rxc6 55. Re4 Rh6 56. Re7 Rg6 57. g4 Kd6 58. Re8 Rf6 59. Ke4 Rf7 60. f4 Ra7 61. Kf5 Rf7+ 62. Kg5 Ra7 63. f5 Ra4 64. Re6+ Kd5 65. Re7 Kd6 66. Rxg7 Ke5 67. Re7+ Kd6 68. Re6+ Kd7 69. h5 Ra8 70. h6 Rh8 71. Kh5 Rh7 72. g5 Rf7 73. Kg6 Rf8 74. h7 Rb8 75. Kg7 Rb5 76. h8Q Rb8 77. Qh2 Rb7 78. Qd2+ Kc8+ 79. Kf6 Kb8 80. Re8+ Ka7 81. Qa5# 1-0

[Event "Tianjin Binhai Cup 1st"]
[Site "Tianjin"]
[Date "2018.12.30"]
[Round "6"]
[White "Stones, Rebecca"]
[Black "Zuo, Yifan"]
[Result "0-1"]
[WhiteElo "1792"]
[BlackElo "2300"]
[PlyCount "70"]
[EventDate "2018.12.25"]
[EventType "swiss"]
[EventRounds "9"]
[EventCountry "CHN"]
[SourceTitle "CBM 188 Extra"]
[Source "ChessBase"]
[SourceDate "2019.02.26"]
[SourceVersion "1"]
[SourceVersionDate "2019.02.26"]
[SourceQuality "1"]

1. d4 Nf6 2. Nf3 e6 3. Bf4 c5 4. e3 b6 5. Nbd2 Bb7 6. c3 Be7 7. h3 0-0 8. Bd3 d6 9. 0-0 Nc6 10. Bc2 Qc7 11. Ne4 Nxe4 12. Bxe4 f5 13. Bc2 Kh8 14. Bg5 Rad8 15. Bxe7 Qxe7 16. Bb3 Nb8 17. Qe2 Nd7 18. Rfd1 h6 19. Qc4 Bxf3 20. gxf3 Qh4 21. Qf1 d5 22. Kh2 Nf6 23. Bc2 g5 24. Qg2 Nh5 25. Rh1 Rg8 26. Kg1 cxd4 27. cxd4 Rc8 28. Bd3 Nf4 29. Qf1 g4 30. hxg4 Rxg4+ 31. fxg4 Qxg4+ 32. Kh2 Qh4+ 33. Kg1 Rg8+ 34. Qg2 Rxg2+ 35. Kf1 Qxh1# 0-1

[Event "Tianjin Binhai Cup 1st"]
[Site "Tianjin"]
[Date "2018.12.28"]
[Round "4"]
[White "Lu, Miaoyi"]
[Black "Stones, Rebecca"]
[Result "0-1"]
[WhiteElo "1737"]
[BlackElo "1792"]
[PlyCount "71"]
[EventDate "2018.12.25"]
[EventType "swiss"]
[EventRounds "9"]
[EventCountry "CHN"]
[SourceTitle "CBM 188 Extra"]
[Source "ChessBase"]
[SourceDate "2019.02.26"]
[SourceVersion "1"]
[SourceVersionDate "2019.02.26"]
[SourceQuality "1"]

1. d4 Nf6 2. c4 e5 3. dxe5 Ng4 4. Nf3 Bc5 5. e3 Nc6 6. Be2 Ngxe5 7. Nxe5 Nxe5 8. 0-0 0-0 9. Nc3 d6 10. b3 Qh4 11. Bb2 Be6 12. Na4 Bb6 13. c5 Ba5 14. cxd6 Ng6 15. g3 Qh6 16. Bf3 Rad8 17. Bxb7 Rxd6 18. Qf3 Rb8 19. Rfd1 Qg5 20. Rxd6 cxd6 21. Rc1 h5 22. Qc6 Qe7 23. Ba6 h4 24. Ba3 hxg3 25. hxg3 Bd7 26. Qxd6 Qxd6 27. Bxd6 Rd8 28. Bc7 Bxc7 29. Rxc7 Ne5 30. Nc5 Bg4 31. Bf1 Rd1 32. Ne4 Be2 33. Nc3 Rxf1+ 34. Kg2 Rc1 35. f4 Bf3+ 36. Kf2 0-1

[Event "Australian Masters (Women)"]
[Site "Melbourne"]
[Date "2015.01.16"]
[Round "5"]
[White "Stones, Rebecca"]
[Black "Anton, Sarah"]
[Result "0-1"]
[WhiteElo "1911"]
[BlackElo "1752"]
[PlyCount "100"]
[EventDate "2015.01.12"]
[EventType "tourn"]
[EventRounds "9"]
[EventCountry "AUS"]
[SourceTitle "CBM 164 Extra"]
[Source "ChessBase"]
[SourceDate "2015.03.02"]
[SourceVersion "1"]
[SourceVersionDate "2015.03.02"]
[SourceQuality "1"]

1. d4 d5 2. c4 c6 3. Nf3 dxc4 4. a4 Nf6 5. Nc3 c5 6. e3 Bg4 7. Bxc4 e6 8. 0-0 Be7 9. h3 Bh5 10. Bb5+ Nc6 11. g4 Bg6 12. Ne5 Rc8 13. Qf3 Qc7 14. Bd2 0-0 15. Bxc6 bxc6 16. Nxg6 hxg6 17. dxc5 Rfd8 18. Rfd1 Bxc5 19. Ne4 Be7 20. Bc3 Nd5 21. Bd4 c5 22. Bc3 Nxc3 23. Nxc3 Bf6 24. Nb5 Qb6 25. Rab1 a6 26. Nc3 Qb3 27. Ne4 Rxd1+ 28. Rxd1 Qxb2 29. g5 Be5 30. Rd7 Qc1+ 31. Kg2 Rf8 32. Qe2 a5 33. f4 Bb8 34. Qb5 Qc2+ 35. Kf3 Qh2 36. Qxc5 Qh1+ 37. Ke2 Qxe4 38. Qxa5 Bxf4 39. Rd3 Qg2+ 40. Kd1 Qf3+ 41. Kd2 Qf2+ 42. Kd1 Bxe3 43. Rd8 Qf1+ 44. Kc2 Qe2+ 45. Kb3 Bxg5 46. Qxg5 Qf3+ 47. Kb4 Qe4+ 48. Kb5 Qb7+ 49. Kc5 Qc7+ 50. Kb5 Rxd8 0-1

[Event "Australian Masters (Women)"]
[Site "Melbourne"]
[Date "2015.01.15"]
[Round "4"]
[White "Stangl, Anita"]
[Black "Stones, Rebecca"]
[Result "1-0"]
[WhiteElo "2078"]
[BlackElo "1911"]
[PlyCount "82"]
[EventDate "2015.01.12"]
[EventType "tourn"]
[EventRounds "9"]
[EventCountry "AUS"]
[SourceTitle "CBM 164 Extra"]
[Source "ChessBase"]
[SourceDate "2015.03.02"]
[SourceVersion "1"]
[SourceVersionDate "2015.03.02"]
[SourceQuality "1"]

1. e4 e5 2. Nf3 Nc6 3. Bc4 Bc5 4. 0-0 Nf6 5. Nc3 d6 6. h3 0-0 7. d3 h6 8. a3 Be6 9. Bxe6 fxe6 10. Na4 Bb6 11. Re1 Nd7 12. c3 Qf6 13. b4 Rf7 14. Ra2 Raf8 15. Nxb6 Nxb6 16. Be3 Ne7 17. Nh2 Ng6 18. g3 Kh7 19. a4 Nd7 20. a5 c5 21. b5 d5 22. d4 exd4 23. cxd4 c4 24. e5 Qe7 25. Qc2 Rc8 26. h4 h5 27. Qe2 Rf5 28. Nf3 Rh8 29. Bd2 Kg8 30. Rb1 Qf8 31. Ng5 Qe8 32. Bb4 Ngf8 33. Bc5 Nxc5 34. dxc5 Nd7 35. c6 bxc6 36. bxc6 Nc5 37. c7 Nb3 38. Qe3 Qc8 39. Qxa7 Rxg5 40. hxg5 Kh7 41. Qb6 Qd7 1-0